Promoting public mental health and well-being (Record no. 288924)
[ view plain ]
| 000 -LEADER | |
|---|---|
| fixed length control field | 02024cam a2200349 i 4500 |
| 001 - CONTROL NUMBER | |
| control field | 18257262 |
| 003 - CONTROL NUMBER IDENTIFIER | |
| control field | PILC |
| 005 - DATE AND TIME OF LATEST TRANSACTION | |
| control field | 20151105141246.0 |
| 008 - FIXED-LENGTH DATA ELEMENTS--GENERAL INFORMATION | |
| fixed length control field | 140804s2015 enk b 001 0 eng |
| 010 ## - LIBRARY OF CONGRESS CONTROL NUMBER | |
| LC control number | 2014030708 |
| 020 ## - INTERNATIONAL STANDARD BOOK NUMBER | |
| International Standard Book Number | 9781849055673 (alk. paper) |
| 035 ## - SYSTEM CONTROL NUMBER | |
| System control number | (DNLM)101638535 |
| 040 ## - CATALOGING SOURCE | |
| Original cataloging agency | DNLM/DLC |
| Transcribing agency | DLC |
| Description conventions | rda |
| Modifying agency | DLC |
| 042 ## - AUTHENTICATION CODE | |
| Authentication code | pcc |
| 050 00 - LIBRARY OF CONGRESS CALL NUMBER | |
| Classification number | RA 427.8 |
| Item number | .B76 2015 |
| 060 10 - NATIONAL LIBRARY OF MEDICINE CALL NUMBER | |
| Classification number | WM 30.1 |
| 082 00 - DEWEY DECIMAL CLASSIFICATION NUMBER | |
| Classification number | 613 |
| 100 1# - MAIN ENTRY--PERSONAL NAME | |
| Personal name | Brown, Jean S., |
| Dates associated with a name | 1954- |
| Relator term | author. |
| 245 10 - TITLE STATEMENT | |
| Title | Promoting public mental health and well-being |
| Remainder of title | principles into practice / |
| Statement of responsibility, etc | Jean S. Brown, Alyson M. Learmonth, and Catherine J. Mackereth; foreword by John R. Ashton. |
| 260 ## - PUBLICATION, DISTRIBUTION, ETC. (IMPRINT) | |
| Place of publication, distribution, etc | London : |
| Name of publisher, distributor, etc | Jessica Kingsley Publishers, |
| Date of publication, distribution, etc | 2015. |
| 300 ## - PHYSICAL DESCRIPTION | |
| Extent | 304 pages ; |
| Dimensions | 23 cm. |
| 500 ## - GENERAL NOTE | |
| General note | Includes bibliographical references and index. |
| 505 0# - FORMATTED CONTENTS NOTE | |
| Formatted contents note | Measuring outcomes related to mental health and well-being : what do we want to achieve? -- What affects mental health and well-being? : the wider social, cultural, and physical environment -- What affects mental health and well-being? : individual social, cultural, and physical circumstances -- What affects mental health and well-being? : individual life stage and personal behaviours -- How can we develop mental health and well-being strategically? -- How can we develop mental health and well-being operationally? -- Extended case study : prevention of suicide and self-harm -- Extended case study : improving mental health and well-being among young black and minority ethnic groups -- Extended case study : improving mental health and well-being in people with long-term conditions. |
| 650 12 - SUBJECT ADDED ENTRY--TOPICAL TERM | |
| Topical term or geographic name as entry element | Health Promotion. |
| 650 12 - SUBJECT ADDED ENTRY--TOPICAL TERM | |
| Topical term or geographic name as entry element | Mental Health Services |
| General subdivision | organization & administration. |
| 650 22 - SUBJECT ADDED ENTRY--TOPICAL TERM | |
| Topical term or geographic name as entry element | Health Behavior. |
| 700 1# - ADDED ENTRY--PERSONAL NAME | |
| Personal name | Learmonth, Alyson M., |
| Relator term | author. |
| 700 1# - ADDED ENTRY--PERSONAL NAME | |
| Personal name | Mackereth, Catherine J., |
| Relator term | author. |
| 906 ## - LOCAL DATA ELEMENT F, LDF (RLIN) | |
| a | 7 |
| b | cbc |
| c | orignew |
| d | 1 |
| e | ecip |
| f | 20 |
| g | y-gencatlg |
| 942 ## - ADDED ENTRY ELEMENTS (KOHA) | |
| Source of classification or shelving scheme | Library of Congress Classification |
| Koha item type | Books |
| Call number prefix | Foreign |
| Withdrawn status | Lost status | Source of classification or shelving scheme | Damaged status | Home library | Current library | Shelving location | Date acquired | Source of acquisition | Cost, normal purchase price | Sub Shelving location | Total Checkouts | Full call number | Barcode | Date last seen | Date checked out | Price effective from | Koha item type |
|---|---|---|---|---|---|---|---|---|---|---|---|---|---|---|---|---|---|
| Library of Congress Classification | College Library | College Library | Reserve Section | 11/05/2015 | Library Fund | 3342.00 | 1 | RA 427.8 .B76 2015 | C20253 | 05/15/2018 | 01/22/2018 | 11/05/2015 | Books |